Top 10 best NBA players ever - Statistics

General Stats
  • This quiz has been taken 655 times
  • The average score is 4 of 10
Answer Stats
Hint Answer % Correct
1 Michael Jordan
93%
7 LeBron James
83%
5 Kobe Bryant
63%
3 Larry Bird
61%
8 Wilt Chamberlain
47%
6 Shaquille O'Neal
35%
2 Stephen Curry
13%
4 Kareem Abdul-Jabber
7%
10 Klay Thompson
6%
9 Scottie Pippen
5%
No matching quizzes found
Score Distribution
Percent of People with Each Score
Percentile by Number Answered
Your Score History
You have not taken this quiz